|
|
|
|
| LEADER |
00000nmm0a2200000 4500 |
| 001 |
22774 |
| 005 |
20231030194850.0 |
| 010 |
|
|
|a 0697239756
|
| 035 |
|
|
|a (RuTPU)RU\TPU\book\22988
|
| 035 |
|
|
|a BOOK00023060
|
| 090 |
|
|
|a 22774
|
| 100 |
|
|
|a 20011209d1995 m y0engy50 ba
|
| 101 |
0 |
|
|a eng
|
| 102 |
|
|
|a US
|
| 105 |
|
|
|a y z 000zy
|
| 200 |
1 |
|
|a Computers Concepts, Implications and Applications with Windows 3.1, WordPerfect 6.0 for Windows, Quattro Pro 5.0 for Windows, and Paradox 4.5 for Windows
|f F. J. Erickson, J. A. Vonk
|
| 210 |
|
|
|a USA
|c Wm. C. Brown Communications
|d 1995
|
| 215 |
|
|
|a 239 p.
|e Прил.: 1 дискета.
|
| 225 |
1 |
|
|a Business and Educational Technologies
|
| 610 |
1 |
|
|a персональные компьютеры
|
| 610 |
1 |
|
|a микрокомпьютеры
|
| 610 |
1 |
|
|a применение
|
| 610 |
1 |
|
|a операционные системы
|
| 610 |
1 |
|
|a Windows
|
| 610 |
1 |
|
|a дискеты
|
| 610 |
1 |
|
|a английский язык
|
| 675 |
|
|
|a 681.322-181.4
|v 3
|
| 700 |
|
1 |
|a Erickson
|b F. J.
|g Fritz J.
|
| 701 |
|
1 |
|a Vonk
|b J. A.
|g John A.
|
| 801 |
|
0 |
|a GB
|b 63413507
|c 20011209
|g PSBO
|
| 801 |
|
2 |
|a RU
|b 63413507
|c 20150318
|g PSBO
|
| 942 |
|
|
|c MX
|